| 000 | 00975nam a2200217Ia 4500 | ||
|---|---|---|---|
| 003 | OSt | ||
| 005 | 20200824193923.0 | ||
| 008 | 191128s1995 ck ao gr 000 0 spa d | ||
| 020 | _a9589453163 | ||
| 040 |
_aCo-JMCR _cCo-JMCR |
||
| 041 | 0 | _aspa | |
| 082 | 0 | 4 |
_a368.43009861 / _bY262h _223 |
| 100 | 1 |
_aYepes Parra, Antonio, _eautor _99158 |
|
| 245 | 1 | 0 |
_aHacia una utopia : _bpor la defensa de la seguridad social pública en Colombia / _cAntonio Yepes Parra |
| 260 |
_aMedellín : _bUniversidad Pontificia Bolivariana, _c1995. |
||
| 300 |
_a127 páginas : _bilustraciones, fotografías a blanco y negro ; _c24 cm. |
||
| 505 | 0 | _a¿Para qué sirve la utopía? -- Los retos de la constitución y la ley 100 -- El ISS líder en la seguridad social pública en Colombia -- El ISS y sus caminos para la realización de la utopía -- En riesgos profesionales -- Lsa spensiones del ISS | |
| 650 | 2 | 4 |
_aLey 100 _xSalud _99159 |
| 650 | 2 | 4 |
_aSeguridad Social _96217 |
| 942 |
_2ddc _cBK |
||
| 999 |
_c6062 _d6062 |
||